Posúdenie efektov externalít vo vybranom odvetví hospodárstva Slovenskej republiky bakalárska práca

Na minha lista:
Detalhes bibliográficos
Autor principal: Duchaj, Tomáš
Autor Corporativo: Národohospodárska fakulta EU. Katedra ekonómie
Outros Autores: Novák, Marcel, 1979-
Formato: Livro
Idioma:eslovaco
Publicado em: Bratislava 2017
Tags: Adicionar Tag
Sem tags, seja o primeiro a adicionar uma tag!

MARC

LEADER 00000nbm a2200000 4500
001 0233707
005 20180306131326.1
041 0 |a slo 
044 |a SK 
245 1 0 |a Posúdenie efektov externalít vo vybranom odvetví hospodárstva Slovenskej republiky  |b bakalárska práca  |c Tomáš Duchaj ; školiteľ: Marcel Novák 
264 1 |a Bratislava  |c 2017 
300 |a 52 s. 
100 1 |a Duchaj, Tomáš 
700 1 |a Novák, Marcel, 1979- 
710 2 |a Národohospodárska fakulta EU. Katedra ekonómie